LIBRARY & INFORMATION CENTRE, KCAET, TAVANUR

ONLINE PUBLIC ACCESS CATALOGUE (OPAC)

Thermal engineering / (Record no. 13240)

MARC details
000 -LEADER
fixed length control field 00313cam a2200133ua 4500
020 ## - INTERNATIONAL STANDARD BOOK NUMBER
ISBN 9788183600781
082 ## - DEWEY DECIMAL CLASSIFICATION NUMBER
Classification number 621.402
Item number MAT/TH
100 ## - MAIN ENTRY--AUTHOR NAME
Personal name Mathur, M L.
245 ## - TITLE STATEMENT
Title Thermal engineering /
260 ## - PUBLICATION, DISTRIBUTION, ETC. (IMPRINT)
Place of publication New Delhi :
Name of publisher Jain Brothers ,
Year of publication 2006.
300 ## - PHYSICAL DESCRIPTION
Number of Pages 1285 ; .
700 1# - ADDED ENTRY--PERSONAL NAME
Personal name Mehta, F S .
942 ## - ADDED ENTRY ELEMENTS (KOHA)
Koha item type Books
Holdings
Withdrawn status Lost status Damaged status Home library Current library Date acquired Full call number Accession Number Koha item type Collection code Shelving location Source of acquisition Cost, normal purchase price
      KAUAET KAUAET 07/04/2012 621.402 21713 Books        
      KAUAET KAUAET 30/03/2013 621.402 MAT/TH 23897 Books Non-fiction General Stacks Neoti Book Agency 425.00
free website counter